ბათუმის შოთა რუსთაველის სახელმწიფო უნივერსიტეტის ბიბლიოთეკა

ბეზოსი ჯეფ [Amazon.com-ის დამფუძნებელი ] ბიზნესის გენია 5 / (ბიბ.ჩანაწერი № 55051)

000 -ლიდერი
ფიქსირებული სიგრძის საკონტროლო ველი 01894nam a2200337Ia 4500
001 - საკონტროლო ნომერი
საკონტროლო ველი 22126
003 - საკონტროლო ნომრის იდენტიფიკატორი
საკონტროლო ველი GE_BSU
005 - ბოლო ოპერაციის თარიღი და დრო
საკონტროლო ველი 20221111155208.0
008 - ფიქსირებული სიგრძის მონაცემთა ელემენტები - ზოგადი ინფორმაცია
ფიქსირებული სიგრძის საკონტროლო ველი 181216s ||||ge |||||||||||||| ||geo||
020 ## - წიგნის საერთაშორისო სტანდარტული ნომერი
International Standard Book Number 9789941213137
040 ## - კატალოგიზაციის წყარო
Transcribing agency GE_BSU
041 ## - ენის კოდი
Language code of text/sound track or separate title geo
080 ## - უნივერსალური ათობითი კლასიფიკაციის ინდექსი
Universal Decimal Classification number 004.78:339.176(73) ბ-42
245 ## - ცნობა სათაურის შესახებ
Title ბეზოსი ჯეფ [Amazon.com-ის დამფუძნებელი ] ბიზნესის გენია 5 /
Statement of responsibility, etc შემდ. : ქრისტინა აბრამია, ნინო ჩაჩუა ; მთ. რედ. ნინო დეკანოსიძე ; რედ. ხათუნა ნონიაშვილი.
264 ## - წარმოების, გამოცემის, დისტრიბუციის და სხვა ცნობები
გამოცემის, წარმოების, დისტრიბუციის... ადგილი თბილისი :
გამოცემის, წარმოების, დისტრიბუციის... სახელწოდება პალიტრა L,
გამოცემის, წარმოების, დისტრიბუციის... თარიღი 2013.
300 ## - ფიზიკური აღწერა
Extent 84 გვ. :
Other physical details ფოტ. ;
Dimensions 20 სმ.
490 ## - სერიის ცნობა
Series statement ბიზნესის გენია 2298-0989
Volume number/sequential designation ტ. 5
501 ## - შენიშვნა თანმხლებ მასალაზე
With note გამოყენებული ფოტომასალა გვ. : 82-83
653 ## - INDEX TERM--UNCONTROLLED
Uncontrolled term ბეზოსი ჯეფ [Amazon.com-ის დამფუძნებელი ] ბიზნესის გენია ტ. 5
653 ## - INDEX TERM--UNCONTROLLED
Uncontrolled term ბეზოსი ჯეფ
653 ## - INDEX TERM--UNCONTROLLED
Uncontrolled term ინტერნეტბიზნესი
653 ## - INDEX TERM--UNCONTROLLED
Uncontrolled term ამერიკელი ბიზნესმენები
653 ## - INDEX TERM--UNCONTROLLED
Uncontrolled term ეკონომიკა
653 ## - INDEX TERM--UNCONTROLLED
Uncontrolled term საინფორამციო ტექნოლოგიები
700 ## - ADDED ENTRY--PERSONAL NAME
Personal name აბრამია, ქრისტინა
Relator term შემდგენელი
9 (RLIN) 15788
700 ## - ADDED ENTRY--PERSONAL NAME
Personal name ჩაჩუა, ნინო
Relator term შემდგენელი
9 (RLIN) 15789
700 ## - ADDED ENTRY--PERSONAL NAME
Personal name დეკანოსიძე, ნინო
Relator term მთ. რედაქტორი
9 (RLIN) 15790
700 ## - ADDED ENTRY--PERSONAL NAME
Personal name ნონიაშვილი, ხათუნა
Relator term რედაქტორი
9 (RLIN) 15791
942 ## - ADDED ENTRY ELEMENTS (KOHA)
Koha item type წიგნი
Source of classification or shelving scheme
ეგზემპლარები
ჩამოწერის სტატუსი დაკარგული ეგზემპლარის სტატუსი კლასიფიკაციის წყარო ან თაროზე გაწყობის სქემა დაზიანების სტატუსი არ გაიცემა მუდმივი მდებარეობა (დაცვის ადგილი) ამჟამინდელი ადგილსამყოფელი თაროზე განთავსების ადგილი შეძენის თარიღი ღირებულება, შესყიდვის ნორმალური ფასი სრული შენახვის შიფრი შტრიხკოდი ბოლო ოპერაციის თარიღი ეგზემპლარის მიმდევრობითი ნომერი (კეტერი?) ფასის ძალაში შესვლის თარიღი ეგზემპლარის სახეობა საჯარო შენიშვნა
          ბათუმის შოთა რუსთაველის სახელმწიფო უნივერსიტეტის მთავარი ბიბლიოთეკა ბათუმის შოთა რუსთაველის სახელმწიფო უნივერსიტეტის მთავარი ბიბლიოთეკა წიგნსაცავი 2018-12-17 3.75 004.78:339.176(73) ბ-42 57084 2018-12-17 57084 2018-12-17 წიგნი 3.75 ლ.